000
00320nam a2200121Ia 4500
005
20251222140057.0
008
251222s1900||||xx |||||||||||||| ||spa||
082
_a
234.23/F12
245
0
_a
La Proclamación del Mensaje Cristiano:
250
_a
1ra. ed.
264
_b
Facultad de Teología San Vicente Ferrer
942
_c
LIB
999
_c
3796
_d
3796